000 00574nam a2200205Ia 4500
008 160404s9999 xx 000 0 und d
020 _a9718982140
050 _aFIL RC 119
050 _b.P45 2004 c.2
245 _aPhilippine textbook of medical parasitology /
245 _cedited by Vicente Y. Belizario Jr., Winifreda U. de Leon.
260 _aManila :
260 _bpub. Program.,
260 _c2004
300 _a401 pages :
300 _billustrations ;
300 _c28 cm.
500 _aIncludes index.
650 _aMedical parasitology -- Philippines
999 _c293119
_d293119